| 000 | 00630nam a2200169 a 4500 | ||
|---|---|---|---|
| 001 | 000028040 | ||
| 005 | 20200930031311.0 | ||
| 008 | 110406s1991 dr 000 0 spa d | ||
| 040 |
_aDO-SdBNP _bspa _cBNPHU |
||
| 082 |
_axxx _bE96 |
||
| 100 | 1 |
_aRojas, Bautista _955080 |
|
| 245 | 1 | 0 |
_aExperiencias de los gobiernos municipales de la provincia de Salcedo / _cBautista Rojas. |
| 260 |
_aSantiago de Chile : _bOrganización Panamericana de la Salud, _c1991. |
||
| 300 |
_a23 p. ; _c28 cm. |
||
| 500 | _aPresentación en el Seminario sobre Planificación Estrategica Local, Santiago de Chile, 7-11 de Octubre de 1991 | ||
| 049 | _aBNPD | ||
| 999 |
_c27532 _d27532 |
||